000 01012pam a2200301 a 4500
999 _c9848
_d9848
001 9848
003 BD-JhCC
005 20180402101209.0
008 900427r19901948nyua b 001 0aeng
020 _a0385416199 :
_c$14.95 ($18.95 Can.)
035 _a(BD-JhCC)9848
040 _aDLC
_cDLC
_dDLC
041 _aeng
050 0 0 _aD743
_b.E35 1990
082 0 0 _a940.54/1
_220
_bEIS 1948
100 1 _aEisenhower, Dwight D.
_q(Dwight David),
_d1890-1969.
245 1 0 _aCrusade in Europe /
_cDwight D. Eisenhower.
260 _aNew York :
_bDoubleday,
_c[1990], c1948.
300 _axiv, 559 p. :
_bill. ;
_c22 cm.
500 _aOriginally published in 1948.
504 _aIncludes bibliographical references (p. [481]-510) and index.
600 1 0 _aEisenhower, Dwight D.
_q(Dwight David),
_d1890-1969.
650 0 _aWorld War, 1939-1945
_xCampaigns.
650 0 _aWorld War, 1939-1945
_xPersonal narratives, American.
650 0 _aPresidents
_zUnited States
_xBiography.
942 _2ddc
_cBK